000 01707nam0a2200301 4500
001 RU\NLR\bibl\970952
005 20260407100844.0
010 _a5-466-00189-9
_98000
021 _aRU
_b2006-39103
_91964
035 _a(NLR Aleph) 000958915
090 _a326936
_c326936
100 _a20060728d2006 |||y0rusy50 ca
101 0 _arus
102 _aRU
105 _ay |||||||||
200 1 _aАдвокат: навыки профессионального мастерства
_fПрогр. правовых инициатив для стран Центр. Европы и Евразии Амер. ассоц. адвокатов (ABA CEELI), Бюро по демократ. инст. и правам человека Организации по безопасности и сотрудничеству в Европе (БДИПЧ ОБСЕ)
_gпод ред. Л.А. Воскобитовой [и др.]
210 _aМосква
_cВолтерс Клувер
_d2006
215 _aXXI, 567, [1] с.
_d22
320 _aБиблиогр. в подстроч. примеч.
606 1 _aАдвокаты
_xПрофессиональная деятельность
_yРоссийская Федерация
_92290031
_3RU\NLR\auth\661371542
686 _aХ629.08-9
702 1 _aВоскобитова
_bЛ. А.
_gЛидия Алексеевна
_4340
712 0 2 _4570
_aАмериканская ассоциация юристов
_bПрограмма правовых инициатив для стран Центральной Европы и Евразии
_3RU\NLR\AUTH\8810055164
_9610882
801 0 _aRU
_bNLR
_c20060728
_grcr
801 1 _aRU
_bNLR
_c20060728
942 _cBOOK
980 _aNB